00443nam a22001457a 450000500170000000800410001702000140005804100120007208200120008410000120009624500750010826000570018330000320024065000250027220241002064700.0241002b |||||||| |||| 00| 0 eng d a409005967 aEnglish a348 SOU lEnglish aThe South African Encyclopaedia of Forms and Precedents /cC Weinberg  aDurban: bButterworth and Company (Pty) Ltd, c1976  bxxxii, 192 pages; c26 cm.  aLegal practice bLaw